Golden's federal statutes (Laws of Malaysia)

Bibliographic Details
Corporate Author: International Law Book Services, Legal Research Board
Format: Book
Published: Kuala Lumpur : International Law Book , 19--
Subjects:

MARC

LEADER 00000cam a2200000 7i4500
001 0000005990
002 000006468
005 20000330.0
020 |a 967890034X 
090 0 0 |a 348.595   |b GOL 
245 0 0 |a Golden's federal statutes (Laws of Malaysia)   |c compiled by Legal Research Board 
255 |a Library has 30 volume 
260 |a Kuala Lumpur :   |b International Law Book ,   |c 19-- 
300 |a 487p. ;   |c 24cm. 
650 0 0 |a Law   |z Malaysia 
651 0 |a Malaysia   |x Laws and legislation 
710 2 |a International Law Book Services, Legal Research Board 
740 0 |a Federal Statues 
999 |a 020263   |b BUKU   |c AKTA   |e PERPUSTAKAAN KOMUNITI PETALING JAYA 
999 |a 020264   |b BUKU   |c AKTA   |e PERPUSTAKAAN KOMUNITI PETALING JAYA 
999 |a 020265   |b BUKU   |c AKTA   |e PERPUSTAKAAN KOMUNITI PETALING JAYA 
999 |a 020266   |b BUKU   |c AKTA   |e PERPUSTAKAAN KOMUNITI PETALING JAYA 
999 |a 020267   |b BUKU   |c AKTA   |e PERPUSTAKAAN KOMUNITI PETALING JAYA 
999 |a 020268   |b BUKU   |c AKTA   |e PERPUSTAKAAN KOMUNITI PETALING JAYA 
999 |a 020269   |b BUKU   |c AKTA   |e PERPUSTAKAAN KOMUNITI PETALING JAYA 
999 |a 020270   |b BUKU   |c AKTA   |e PERPUSTAKAAN KOMUNITI PETALING JAYA 
999 |a 020271   |b BUKU   |c AKTA   |e PERPUSTAKAAN KOMUNITI PETALING JAYA 
999 |a 020272   |b BUKU   |c AKTA   |e PERPUSTAKAAN KOMUNITI PETALING JAYA 
999 |a 020273   |b BUKU   |c AKTA   |e PERPUSTAKAAN KOMUNITI PETALING JAYA 
999 |a 020274   |b BUKU   |c AKTA   |e PERPUSTAKAAN KOMUNITI PETALING JAYA 
999 |a 028245   |b BUKU   |c AKTA   |e PERPUSTAKAAN KOMUNITI PETALING JAYA 
999 |a 028246   |b BUKU   |c AKTA   |e PERPUSTAKAAN KOMUNITI PETALING JAYA 
999 |a 028247   |b BUKU   |c AKTA   |e PERPUSTAKAAN KOMUNITI PETALING JAYA 
999 |a 028248   |b BUKU   |c AKTA   |e PERPUSTAKAAN KOMUNITI PETALING JAYA 
999 |a 028570   |b BUKU   |c AKTA   |e PERPUSTAKAAN KOMUNITI PETALING JAYA 
999 |a 029460   |b BUKU   |c AKTA   |e PERPUSTAKAAN KOMUNITI PETALING JAYA 
999 |a 030610   |b BUKU   |c AKTA   |e PERPUSTAKAAN KOMUNITI PETALING JAYA 
999 |a 03061   |b BUKU   |c PINJAMAN   |e PERPUSTAKAAN KOMUNITI PETALING JAYA 
999 |a 035878   |b BUKU   |c AKTA   |e PERPUSTAKAAN KOMUNITI PETALING JAYA 
999 |a 037811   |b BUKU   |c AKTA   |e PERPUSTAKAAN KOMUNITI PETALING JAYA 
999 |a 037812   |b BUKU   |c AKTA   |e PERPUSTAKAAN KOMUNITI PETALING JAYA 
999 |a 037813   |b BUKU   |c AKTA   |e PERPUSTAKAAN KOMUNITI PETALING JAYA 
999 |a 037814   |b BUKU   |c AKTA   |e PERPUSTAKAAN KOMUNITI PETALING JAYA 
999 |a 052982   |b BUKU   |c AKTA   |e PERPUSTAKAAN KOMUNITI PETALING JAYA 
999 |a 052983   |b BUKU   |c AKTA   |e PERPUSTAKAAN KOMUNITI PETALING JAYA 
999 |a 052984   |b BUKU   |c AKTA   |e PERPUSTAKAAN KOMUNITI PETALING JAYA 
999 |a 067217   |b BUKU   |c AKTA   |e PERPUSTAKAAN KOMUNITI PETALING JAYA 
999 |a 075843   |b BUKU   |c AKTA   |e PERPUSTAKAAN KOMUNITI PETALING JAYA